Регионална библиотека "Любен Каравелов" - Русе

Пътешествията на барон Мюнхаузен (Запис номер 93985)

MARC детайли
000 -Лидер
Контролно поле с фиксирана дължина 01562nam a2200373 c 4500
003 - Код на организацията, давaща контролен номер
Контролно поле BLK
005 - Дата и час на последна редакция
Контролно поле 20250614120528.0
008 - Елементи от данни с фиксирана дължина
fixed length control field 180408b bul|||||r ||||||| ||bul||
010 ## - Наследен системен номер
LC control number KNG00098803000
020 ## - Международен стандартен номер на книга ISBN
Международен стандартен номер на книга ISBN 978-954-26-0902-5
040 ## - Източник на каталожния запис
Идентификатор на билиотеката - собственик на записа BLK
041 ## - Код за език
Код за езика на текст/звукозапис или на отделно заглавие Български
Код за езика КДБФ Български
072 #7 - Код за тематичната категория
Код организация bullib
Код за тематична категория Н85
Текст Детска художествена литература Н
080 ## - УДК
Текстов определител УДК Немска литература
УДК код - определител по УДК 821.112.2
УДК определител -93-32
УДК - код + определител 821.112.2-93-32
100 1# - Редна дума - Автор
Автор Распе, Рудолф Ерих
Авторска отговорност първи автор
R(LIN) 115325
139 ## - Редно поле
Редна дума Распе, Рудолф Ерих
Авторски знак Рас - Р 38
245 10 - Сведения за заглавието
Заглавие Пътешествията на барон Мюнхаузен
Редно поле (дума) Рудолф Ерих Распе; прев. Маргарита Месроб Дограмаджян; ил. Борис Николов Стоилов.
257 ## - Страна на издаване
Страна на създаване/издаване Германия
260 ## - Област на издателските данни
Име на издателя, разпространителя и проч. Хермес
Година на издаване 2010
Печатница Хасково : Полиграфюг
300 ## - Физическа характеристика
Страници 160 с.
Илюстрации и др. с ил.
Размери/Мащаб 20 см
380 ## - Жанр
Жанр Детска худож. лит.
490 ## - СЕРИИ (Колекции)
Име на серия Златно перо : Детско-юношеска класика
9 (RLIN) 201323
500 ## - Общи забележки
Забележка Ориг. загл. The Adventures of baron Munchausen / Rudolf Erich Raspe.
659 ## - Тематичен бюлетин
Тематичен бюлетин Н
700 1# - Други автори (авторска отговорност)
Лично име Дограмаджян, Маргарита Месроб
Автороска отговорност (Описва отношението между автора и произведението) прев.
9 (RLIN) 63864
700 ## - Други автори (авторска отговорност)
Лично име Стоилов, Борис Николов
Автороска отговорност (Описва отношението между автора и произведението) ил.
9 (RLIN) 245570
852 ## - Местоположение
Форматна сигнатура Цб 250391
856 4# - Електронен адрес и достъп
Електронен формат pdf - файл
856 4# - Електронен адрес и достъп
Електронен формат pdf - файл
999 ## - СИСТЕМНИ КОНТРОЛНИ НОМЕРА
Koha biblionumber 93985
Koha biblioitemnumber 93985
942 ## - АРТИКУЛИ
Вид на библиотечния материал Книги
Скрит в OPAC Не
Koha issues (borrowed), all copies 42
Периодичен библиозапис Да
944 ## - СЪЗДАВАНЕ И РЕДАКЦИЯ на ЗАПИСА
Създаване/Редакция Създаване
Дата на регистрацията/редакция 16.12.2010
Статус, дата на статуса Виолета Тройчева
Служител, извършил регистрацията/редакцията 30552
944 ## - СЪЗДАВАНЕ И РЕДАКЦИЯ на ЗАПИСА
Създаване/Редакция Редакция
Дата на регистрацията/редакция 10.01.2014
Статус, дата на статуса ф /
999 ## - СИСТЕМНИ КОНТРОЛНИ НОМЕРА
Koha biblioitemnumber 93985
Наличности
Код за отписване Код за изгубен артикул Източник на класификационната схема Код за повреда Коз за рестрикции Код за отдаване Артикулен № Име на библиотеката - собственик Име на библиотеката, в която се намира в момента Статус (Текущо местоположение) Дата на вписване в системата Местоположение - отдел Цена в лева Инвентарен номер Систематично азбучна сигнатура Баркод Номер на екземпляра Цена в евро Служебна бележка Служебен тип на артикула
Изтеглен Не е изгубен Universal Decimal Classification Не е повреден без рестрикции заемане за дома 150899 Регионална библиотека "Любен Каравелов" Русе Регионална библиотека "Любен Каравелов" Русе Детски отдел 2010-12-16 Детски отдел 3.50 120000748347 ДХ 820/899/Р 38 120000748347 1 1.79 Дост: DA Вид: А N: 25 Дата: 16.12.2010 Дата инв: 31.08.2015 Бележки инв: Д2015 Книги
  Не е изгубен   Не е повреден без рестрикции заемане за дома 150900 Регионална библиотека "Любен Каравелов" Русе Регионална библиотека "Любен Каравелов" Русе Детски отдел 2010-12-16 Детски отдел 3.50 120000748348 ДХ 820/899/Р 38 120000748348 2 1.79 Дост: DA Вид: А N: 25 Дата: 16.12.2010 Дата инв: 25.09.2015 Бележки инв: Д2015 Книги
  Не е изгубен   Не е повреден без рестрикции ползва се в читалня 150901 Регионална библиотека "Любен Каравелов" Русе Регионална библиотека "Любен Каравелов" Русе Хранилище 2011-03-21 Хранилище 3.50 120000749852 Цб 250391 120000749852 3 1.79 Дост: Dp Вид: Д N: 27 Дата: 07.07.2010 Книги
  Не е изгубен Universal Decimal Classification Не е повреден   заемане за дома 686548 Регионална библиотека "Любен Каравелов" Русе Регионална библиотека "Любен Каравелов" Русе Детски отдел 2018-12-13 Детски отдел 4.00 120000828447 ДХ 820/899/Р 38 120000828447   2.05   Книги
  Не е изгубен Universal Decimal Classification Не е повреден   заемане за дома 686549 Регионална библиотека "Любен Каравелов" Русе Регионална библиотека "Любен Каравелов" Русе Детски отдел 2018-12-13 Детски отдел 4.00 120000828448 ДХ 820/899/Р 38 120000828448   2.05   Книги
  Не е изгубен Universal Decimal Classification Не е повреден   заемане за дома 686550 Регионална библиотека "Любен Каравелов" Русе Регионална библиотека "Любен Каравелов" Русе Детски отдел 2018-12-13 Детски отдел 4.00 120000828450 ДХ 820/899/Р 38 120000828450   2.05   Книги
  Не е изгубен Universal Decimal Classification Не е повреден   заемане за дома 686551 Регионална библиотека "Любен Каравелов" Русе Регионална библиотека "Любен Каравелов" Русе Детски отдел 2018-12-13 Детски отдел 4.00 120000828446 ДХ 820/899/Р 38 120000828446   2.05   Книги
  Не е изгубен Universal Decimal Classification Не е повреден   заемане за дома 686552 Регионална библиотека "Любен Каравелов" Русе Регионална библиотека "Любен Каравелов" Русе Детски отдел 2018-12-13 Детски отдел 4.00 120000828449 ДХ 820/899/Р 38 120000828449   2.05   Книги
  Не е изгубен Universal Decimal Classification Не е повреден без рестрикции заемане за дома 689709 Регионална библиотека "Любен Каравелов" Русе Регионална библиотека "Любен Каравелов" Русе Детски отдел 2019-02-19 Детски отдел 4.00   ДХ 820/899/Р 38 120000830197   2.05   Книги
Vip Innovations Ltd, Rousse, Bulgaria 2025